Innováció és kutatás a HU-rizont Programban
Elmentve itt :
| Szerző: | |
|---|---|
| Dokumentumtípus: | Cikk |
| Megjelent: |
2025-09-26
|
| Sorozat: | Tv.szeged.hu
|
| Kulcsszavak: | Televíziós híradás - televíziós interjú - Szeged TV - Híradó, Nemzeti Kutatási, Fejlesztési és Innovációs Hivatal - NKFI Hivatal, Rendezvénysorozat - HU-rizont Roadshow - első állomás - Szeged, HU-rizont - nemzetközi kiválósági kutatási együttműködési program, Kutatás - fejlesztés - innováció, Nemzetközi kapcsolatok, Rovó László - rektor, Nyertes pályázó - Szilágyi István - egyetemi docens, Fizikai Kémia és Anyagtudományi Tanszék, Természettudományi és Informatikai Kar - TTIK, Nyertes pályázó - Maléth József - tudományos igazgató-helyettes, Belgyógyászati Klinika, Szent-Györgyi Albert Klinikai Központ - SZAKK |
| Online Access: | http://univ.bibl.u-szeged.hu/75606 |
| LEADER | 01515nab a2200181 i 4500 | ||
|---|---|---|---|
| 001 | univ75606 | ||
| 005 | 20250929131638.0 | ||
| 008 | 250929s2025 hu o 000 hun d | ||
| 040 | |a SZTE UnivHistória Repozitórium |b hun | ||
| 041 | |a hun | ||
| 100 | 1 | |a Magyar Anna | |
| 245 | 1 | 0 | |a Innováció és kutatás a HU-rizont Programban |h [elektronikus dokumentum] / |c Magyar Anna |
| 260 | |c 2025-09-26 | ||
| 490 | 0 | |a Tv.szeged.hu | |
| 561 | |a Egyetemi hirarchívum | ||
| 695 | |a Televíziós híradás - televíziós interjú - Szeged TV - Híradó, Nemzeti Kutatási, Fejlesztési és Innovációs Hivatal - NKFI Hivatal, Rendezvénysorozat - HU-rizont Roadshow - első állomás - Szeged, HU-rizont - nemzetközi kiválósági kutatási együttműködési program, Kutatás - fejlesztés - innováció, Nemzetközi kapcsolatok, Rovó László - rektor, Nyertes pályázó - Szilágyi István - egyetemi docens, Fizikai Kémia és Anyagtudományi Tanszék, Természettudományi és Informatikai Kar - TTIK, Nyertes pályázó - Maléth József - tudományos igazgató-helyettes, Belgyógyászati Klinika, Szent-Györgyi Albert Klinikai Központ - SZAKK | ||
| 856 | 4 | 0 | |u http://univ.bibl.u-szeged.hu/75606/1/Szeged%20TV%20-%20Innov%C3%A1ci%C3%B3%20%C3%A9s%20kutat%C3%A1s%20a%20HU-rizont%20Programban.pdf |z Dokumentum-elérés |
| 856 | 4 | 0 | |u http://univ.bibl.u-szeged.hu/75606/2/FDownloader.Net_AQO9e_lH3mqxYCm65R5JFv2EYrQ2t-y3E914bo2HRxah3yeVvs9piJrBpW6Jdk02mU-ZNKk7DdfYVbV4rNE7PuRWmT2iTl-f7Lax5LTwkN1dsg_720p_%28HD%29.mp4 |z Dokumentum-elérés |